000 00356 a2200145 4500
999 _c12339
_d12339
003 OSt
005 20240116155445.0
008 240116b ||||| |||| 00| 0 eng d
020 _a9781408128138
082 _a720.94
_bRIS
100 _aRisebero, Bill,
_d1938-
245 _a The story of western architecture
260 _bA & C Black
_c2012
942 _2ddc